Библиографические списки по технической литературе. Библ. список № 8963: Окисление сульфидов металлов кислородом (Запись № 8564014)

Подробности
000 -МАРКЕР
контрольное поле 02187nam2a2200277 4500
001 - ИДЕНТИФИКАТОР ЗАПИСИ
контрольное поле rc\4139170
005 - ИДЕНТИФИКАТОР ВЕРСИИ
контрольное поле 20260118051604.0
035 ## - ДРУГИЕ СИСТЕМНЫЕ НОМЕРА
Идентификатор записи (NLR Aleph) 007988428
100 ## - ДАННЫЕ ОБЩЕЙ ОБРАБОТКИ
Данные общей обработки 20130415d1950 u y0rusy50 ca
101 0# - ЯЗЫК РЕСУРСА
Язык текста, звукозаписи и т.д. русский
-- многоязычный, разных семей языки
102 ## - СТРАНА ПУБЛИКАЦИИ ИЛИ ПРОИЗВОДСТВА
Страна публикации Российская Федерация
105 ## - ПОЛЕ КОДИРОВАННЫХ ДАННЫХ: ТЕКСТОВЫЕ МАТЕРИАЛЫ, МОНОГРАФИЧЕСКИЕ
Кодированные данные о монографическом текстовом документе y g 000zy
200 1# - ЗАГЛАВИЕ И СВЕДЕНИЯ ОБ ОТВЕТСТВЕННОСТИ
Основное заглавие Окисление сульфидов металлов кислородом
Сведения, относящиеся к заглавию журнальные статьи на русском и иностранных языках за 1935-50 гг.
Первые сведения об ответственности [библиограф: Кричман Т. З.]
210 ## - ПУБЛИКАЦИЯ, РАСПРОСТРАНЕНИЕ И ДР.
Дата издания, распространения и т.д. 1950
215 ## - ФИЗИЧЕСКАЯ ХАРАКТЕРИСТИКА
Специфическое обозначение материала и объем 3, [1] с.
Размеры 29
316 ## - ПРИМЕЧАНИЯ ОБ ОСОБЕННОСТЯХ ЭКЗЕМПЛЯРА
Текст примечания На обл. экз. РНБ (с337-420/О-50) над загл. рукоп. помета карандашом: Сульфиды металлов - Окисление кислородом
Организация и экземпляр, к которому относится поле NLR
316 ## - ПРИМЕЧАНИЯ ОБ ОСОБЕННОСТЯХ ЭКЗЕМПЛЯРА
Текст примечания На тит. с. экз. РНБ (с337-420/О-50) в вых. дан. дата 1949 исправлена на дату 1950
Организация и экземпляр, к которому относится поле NLR
461 #0 - УРОВЕНЬ НАБОРА
Встроенное поле 001RU\NLR\BIBL_A\022650605
-- 2001#$aБиблиографические списки по технической литературе$fВсесоюзное общество по распространению политических и научных знаний, Центральная политехническая библиотека, Информационно-библиографический отдел$vБибл. список № 8963
Системный номер (АБИС) связанной записи 13497876
Место публикации Москва
Дата публикации 1949-
Первые сведения об ответственности Всесоюзное общество по распространению политических и научных знаний, Центральная политехническая библиотека, Информационно-библиографический отдел
Имя издателя, распространителя и т.д. [б. и.]
Заглавие Библиографические списки по технической литературе
Номер тома Библ. список № 8963
517 0# - ДРУГИЕ ВАРИАНТЫ ЗАГЛАВИЯ
Вариант заглавия Сульфиды металлов - Окисление кислородом
702 #1 - ИМЯ ЛИЦА - ВТОРИЧНАЯ ОТВЕТСТВЕННОСТЬ
Начальный элемент ввода Кричман
Часть имени, кроме начального элемента ввода Т. З.
Расширение инициалов личного имени Тамара Зиновьевна
Код отношения Составитель
852 ## - МЕСТОНАХОЖДЕНИЕ И ШИФР ХРАНЕНИЯ
Идентификатор организации NLR
Шифр хранения (Call Number) с337-420/О-50
942 ## - ДОПОЛНИТЕЛЬНЫЕ ЭЛЕМЕНТЫ ЗАПИСИ (АБИС)
Тип экземпляра АБИС Книга
980 ## - КОЛЛЕКЦИЯ
Название коллекции Национальная библиография
Экземпляры
Тип экземпляра Дата поступления Библиотека постоянного хранения Библиотека текущего хранения Место хранения Шифр хранения Штрих-код Статус экземпляра
Книга 26.10.2013 РНБ (Московский) РНБ (Московский) Центральная справочная библиотека С337-420/О-50 1-3663871